000 00931nam a2200289Ia 4500
003 OSt
005 20221005060858.0
006 a|||||r|||| 00| 0
007 ta
008 221004b |||||||| |||| 00| 0 eng d
020 _a9780415805087 (pbk)
_cUKP 47.99
024 _a34608
037 _bBBS/08, 01/09/2017, Better Book Service
_cTextual
040 _aCRL
_cCRL
_beng
041 _2eng
_aeng
082 _aSigma:f, Q7
100 _aSpringer J. Fred Au.
_9599952
245 0 _aApplied policy research
_b concepts and cases
250 _a2nd
260 _aLondon
_bRoutledge UK
_c2017
300 _axxi,468p.
_ccm.
650 _aRESEARCH METHODS
700 _a Haas Peter J. Au.
_9599953
700 _a Porowski Allan Au.
_9599954
942 _hSigma:f, Q7
_cTEXL
_2cc
999 _c967396
_d967396